000 00862 a2200445 4500
000 BKB
001 138445
005 20200902153446.0
008
010 _a
020 _a9788129101297
082 _a843
_bM44B
100 1 _a
110 _aRupa publication
245 1 _aBest of guy de maupassant
_cby Rupa publication
250 _a
260 _aJaipur
_bRupa Publications
_c2011
300 _a194p.
490 _a
_v
500 _a
600 _a
610 _a
611 _a
630 _aEnglish
650 _a
651 _a
654 _a
690 _aMaupassant
700 _a
_b
_c
710 _a
_b
_c
711 _a
720 _a
730 _a
740 _a
752 _a
856 _a
_d
_f
904 _a
964 _a
_b
_c
_d
_e
_f
_g
965 _a
999 _c11230
_d11230